000 00586nam a2200193Ia 4500
005 20250508153105.0
008 008 250505s9999 xx 000 0 eng d
037 _aTextual
040 _aFEDL
_beng
_cFEDL
041 _aeng
_2eng
084 _a301.09542, FUR
_qFEDL
100 _aFurer - Haimendorf Christoph
_9763151
245 0 _aApa tanis and their neighbours : A primitive civilzation
260 _aLondon, UK
_bRoutledge and Kegan Paul
_c1962
300 _aviii,166p.
650 _aSociology
942 _cTEXL
_h301.09542, FUR
999 _c1340642
_d1340642